Zákonník práce a s ním súvisiace právne predpisy s podrobným komentárom. Platný od 1. júla 1998
Salvato in:
| Natura: | Libro |
|---|---|
| Lingua: | slovacco |
| Pubblicazione: |
Bratislava
NOVÁ PRÁCA
1998
|
| Edizione: | 2. preprac. vyd. |
| Soggetti: | |
| Tags: |
Nessun Tag, puoi essere il primo ad aggiungerne!!
|
MARC
| LEADER | 00000nam a2200000 4500 | ||
|---|---|---|---|
| 001 | c102514 | ||
| 005 | 20221109094922.1 | ||
| 020 | |a 80-967857-1-0 | ||
| 041 | 0 | |a slo | |
| 044 | |a SK | ||
| 245 | 1 | 0 | |a Zákonník práce |b a s ním súvisiace právne predpisy s podrobným komentárom. Platný od 1. júla 1998 |
| 250 | |a 2. preprac. vyd. | ||
| 264 | 1 | |a Bratislava |b NOVÁ PRÁCA |c 1998 | |
| 300 | |a 258 s. | ||
| 610 | 2 | 0 | |a zákonník práce |
| 610 | 2 | 0 | |a práca |
| 610 | 2 | 0 | |a predpisy právne |
| 610 | 2 | 0 | |a zamestnanci |
| 610 | 2 | 0 | |a zamestnávatelia |
| 610 | 2 | 0 | |a pomer pracovný |
| 610 | 2 | 0 | |a právo pracovné |
| 610 | 2 | 0 | |a Slovensko |
| 610 | 2 | 0 | |a 1998 |